|
|
|
|
| LEADER |
00000nab a2200000 a 4500 |
| 001 |
vtls000719689 |
| 003 |
SK-MaSNL |
| 005 |
20260302195003.0 |
| 008 |
140414c1999 xo 0 slo |
| 015 |
|
|
|a SNBRB2000/04-10075
|
| 035 |
|
|
|a CLN000071856
|
| 040 |
|
|
|a SNKBUCL
|b slo
|c SNKBUCL
|e AACR2
|
| 041 |
0 |
|
|a slo
|
| 044 |
|
|
|a xo
|c SK
|
| 080 |
|
|
|a 61-051
|2 1997
|
| 080 |
|
|
|a 929 Dzúrik, Rastislav
|2 1997
|
| 100 |
1 |
|
|a Ďuriš, Ivan,
|d 1933-2014
|4 aut
|9 102395
|
| 245 |
1 |
0 |
|a Životné jubileum prof. MUDr. R. Dzúrika, DrSc.
|c I. Ďuriš
|
| 600 |
1 |
7 |
|a Dzúrik, Rastislav,
|d 1929-2014
|2 snkbucl
|9 13378
|
| 655 |
|
7 |
|a články z novín a časopisov
|2 snkbucl
|9 267496
|
| 773 |
0 |
|
|t Bratislavské lekárske listy
|g Roč. 100, č. 8 (1999), s. 456
|x 0006-9248
|
| 850 |
|
|
|a Slovenská národná knižnica v Martine
|
| 852 |
|
|
|a SNK
|b KIS3GCP
|
| 958 |
|
|
|a MI
|
| 958 |
|
|
|a BX
|
| 958 |
|
|
|a SK
|
| 992 |
|
|
|a RBX
|
| 999 |
|
|
|c 1450874
|d 1452804
|